000 01407nam a2200121Ia 4500
008 220620s9999||||xx |||||||||||||| ||und||
245 0 _aApplications of Information Theory to Epidemiology
546 _aEnglish[eng]
650 _aEbola model||Caputo derivative||Caputo–Fabrizio derivative||Atangana–Baleanu derivative||numerical results||entropy||information theory||multiple diagnostic tests||mutual information||relative entropy||balance||Jensen–Shannon divergence||observational study||selection bias||probability||forecast||likelihood ratio||positive predictive value||negative predictive value||diagnostic information||Shannon entropy||epidemic model||transient behavior||vaccination and treatment intervention controls||diagnostic test||evaluation||ROC curve||PROC curve||binormal||prevalence||Bayes’ rule||leaf plot||expected mutual information||predictive ROC curve||PV-ROC curve||SS-ROC curve||SS/PV-ROC plot||empirical||urinary bladder cancer||sensitivity||specificity||HIV/AIDS epidemic||regression model||Newton–Raphson procedure||Fisher scoring algorithm||time series||early detection||Asiatic citrus canker||latent class||field diagnostic||scent signature||direct assay||deployment||average mutual information||stochastic processes||deterministic dynamics||n/a
700 _aHughes, Gareth
856 _uhttps://mdpi.com/books/pdfview/book/3590
942 _cEB
999 _c32982
_d32982